Organic photochemistry : (Record no. 163869)
[ view plain ]
| 000 -LEADER | |
|---|---|
| fixed length control field | 01036aam a2200337 a 4500 |
| 001 - CONTROL NUMBER | |
| control field | ocm27754114 |
| 003 - CONTROL NUMBER IDENTIFIER | |
| control field | 0 |
| 005 - DATE AND TIME OF LATEST TRANSACTION | |
| control field | 20230123134324.0 |
| 008 - FIXED-LENGTH DATA ELEMENTS--GENERAL INFORMATION | |
| fixed length control field | 940107s1992 enka b 000 0 eng d |
| 010 ## - LIBRARY OF CONGRESS CONTROL NUMBER | |
| LC control number | 94102658 |
| Canceled/invalid LC control number | 92233123 |
| 015 ## - NATIONAL BIBLIOGRAPHY NUMBER | |
| National bibliography number | GB93-5406 |
| 019 ## - | |
| -- | 27641653 |
| 020 ## - INTERNATIONAL STANDARD BOOK NUMBER | |
| International Standard Book Number | 0136394779 |
| 035 ## - SYSTEM CONTROL NUMBER | |
| -- | H130 |
| 040 ## - CATALOGING SOURCE | |
| Original cataloging agency | NjP |
| Transcribing agency | NUST |
| 042 ## - AUTHENTICATION CODE | |
| Authentication code | lccopycat |
| 049 ## - LOCAL HOLDINGS (OCLC) | |
| Holding library | MAIN |
| 090 ## - LOCALLY ASSIGNED LC-TYPE CALL NUMBER (OCLC); LOCAL CALL NUMBER (RLIN) | |
| Classification number (OCLC) (R) ; Classification number, CALL (RLIN) (NR) | QD275 |
| 100 1# - MAIN ENTRY--PERSONAL NAME | |
| Personal name | Horspool, William M. |
| 245 10 - TITLE STATEMENT | |
| Title | Organic photochemistry : |
| Remainder of title | a comprehensive treatment / |
| Statement of responsibility, etc. | William Horspool, Diego Armesto. |
| 260 ## - PUBLICATION, DISTRIBUTION, ETC. | |
| Place of publication, distribution, etc. | Chichester, England : |
| Name of publisher, distributor, etc. | Ellis Horwood ; |
| Place of publication, distribution, etc. | New York : |
| Name of publisher, distributor, etc. | PTR Prentice Hall, |
| Date of publication, distribution, etc. | 1992. |
| 300 ## - PHYSICAL DESCRIPTION | |
| Extent | xiv, 521 p. : |
| Other physical details | ill. ; |
| Dimensions | 24 cm. |
| 440 #0 - SERIES STATEMENT/ADDED ENTRY--TITLE | |
| Title | Ellis Horwood PTR Prentice Hall physical chemistry series |
| 504 ## - BIBLIOGRAPHY, ETC. NOTE | |
| Bibliography, etc. note | Includes bibliographical references and index. |
| 650 #0 - SUBJECT ADDED ENTRY--TOPICAL TERM | |
| Topical term or geographic name entry element | Organic photochemistry. |
| 653 0# - INDEX TERM--UNCONTROLLED | |
| Uncontrolled term | Photochemistry |
| 700 1# - ADDED ENTRY--PERSONAL NAME | |
| Personal name | Armesto, Diego. |
| 907 ## - LOCAL DATA ELEMENT G, LDG (RLIN) | |
| a | .b10004865 |
| b | 17-01-07 |
| c | 17-04-03 |
| 994 ## - | |
| -- | 92 |
| -- | ZNA |
| 942 ## - ADDED ENTRY ELEMENTS (KOHA) | |
| Koha item type | Ordinary Loan Books |
| Call number prefix | QD275 |
| Date last seen | Total Checkouts | Full call number | Barcode | Cost, replacement price | Price effective from | Koha item type | Lost status | Source of classification or shelving scheme | Damaged status | Not for loan | Collection | Withdrawn status | Home library | Current library | Shelving location | Date acquired | Cost, normal purchase price |
|---|---|---|---|---|---|---|---|---|---|---|---|---|---|---|---|---|---|
| 01/23/2023 | QD275 HOR | 92003020090 | 80.00 | 01/23/2023 | BOOKS | LCC | NFIC | MAIN | MAIN | GEN | 01/23/2023 | 80.00 |